00935nab a22001937a 4500003000400000005001700004008004100021040000700062100002900069245010800098300001300206505026500219505007200484650002300556650001400579650002200593650002800615773009800643OSt20260107115613.0190514b xxu||||| |||| 00| 0 spa d cPJ aSchiro, María Victoria10aIntegralidad de la cuota alimentaria de lxs hijxs y perspectiva de género /cMaría Victoria Schiro. ap. 19-30 aSumario: I. Palabras de inicio.— II. Perspectiva del cuidado como derecho y alimentos.— III. La actualización del monto de las cuotas alimentarias. Repensar los mecanismos para lograr su integralidad en perspectiva de género.— IV. Reflexiones finales tSi te interesa el texto, comunicate a koha@justierradelfuego.gov.ar 0aDERECHO DE FAMILIA 0aALIMENTOS 0aCUOTA ALIMENTARIA 0aPERSPECTIVA DE GÉNERO0 02844dBuenos Aires : AbeledoPerrot, 1989-tDerecho de familia. N° 118 - Marzo 2025z18511201